000 00439nam a2200181Ia 4500
005 20240823045120.0
008 240823s9999||||xx |||||||||||||| ||und||
041 _aENGLISH
082 _A621.3133 P3
100 _aPanneer Selvam G et al.
245 0 _aAlternating current Machines
250 _a1st
260 _c2003
_bAnuradha Age
_aKumbakonam
500 _aYES
650 _aMachines
_bMechanical
942 _cBK
999 _c214206
_d214206